000148300 001__ 148300
000148300 005__ 20260219090935.0
000148300 0247_ $$2doi$$a10.20318/cian.2024.9098
000148300 0248_ $$2sideral$$a141736
000148300 037__ $$aART-2024-141736
000148300 041__ $$aspa
000148300 100__ $$0(orcid)0000-0002-2790-7265$$aCalvo Romero, Sergio
000148300 245__ $$aEl movimiento estudiantil antifranquista. Un terreno fértil. El proceso de construcción de un ámbito historiográfico
000148300 260__ $$c2024
000148300 5060_ $$aAccess copy available to the general public$$fUnrestricted
000148300 5203_ $$aEl movimiento estudiantil antifranquista ha experimentado una evolución historiográfica extraordinaria, pasando de ser una mera lista cronológica de hechos a pequeñas disertaciones, hasta llegar a convertirse en un campo de análisis con entidad propia, un ámbito historiográfico prolífico y crucial para entender el complejo proceso de movilización social que se inició mediados de los años sesenta. Desde las primeras obras de los años setenta, década tras década han se ha ido consolidando una escuela de historiadores que han ido arrojando luz sobre muchos de los vacíos historiográficos que existían, y lo que es más importante, han dado respuestas a muchos de los interrogantes que se iban planteando.
000148300 540__ $$9info:eu-repo/semantics/openAccess$$aby-nc-nd$$uhttps://creativecommons.org/licenses/by-nc-nd/4.0/deed.es
000148300 590__ $$a0.2$$b2024
000148300 592__ $$a0.119$$b2024
000148300 593__ $$aHistory$$c2024$$dQ3
000148300 593__ $$aEducation$$c2024$$dQ4
000148300 594__ $$a0.3$$b2024
000148300 655_4 $$ainfo:eu-repo/semantics/article$$vinfo:eu-repo/semantics/publishedVersion
000148300 773__ $$g27, 2 (2024), 193-209$$pCuad. Inst. Antonio Nebrija Estud. Univ.$$tCIAN-REVISTA DE HISTORIA DE LAS UNIVERSIDADES$$x1139-6628
000148300 8564_ $$s271169$$uhttps://zaguan.unizar.es/record/148300/files/texto_completo.pdf$$yVersión publicada
000148300 8564_ $$s1056065$$uhttps://zaguan.unizar.es/record/148300/files/texto_completo.jpg?subformat=icon$$xicon$$yVersión publicada
000148300 909CO $$ooai:zaguan.unizar.es:148300$$particulos$$pdriver
000148300 951__ $$a2026-02-19-09:00:28
000148300 980__ $$aARTICLE